Quizzes
Events
Quiz Creation
Community
Videos
Private Events
Remove Ads
Sign In
Join for FREE
Feedback
Dark Mode
Quiz Categories
Sports
Geography
Music
Movies
Television
Just For Fun
Miscellaneous
History
Literature
Language
Science
Gaming
Entertainment
Religion
Holiday
For Kids
Quiz Lab
Recent
Popular Today
Quiz Kudos Today
Editor Picks
Curator Picks
Quizzes by...
Day
Popularity
Type
Ratings
Length
Year
Community
Subscriptions
Recent Discussions
Orange Saloon
Badges
Playlists
Quests
Create
Leaderboards
Showdown
Live 5
Trivia Bingo
Activity
Puzzle Library
Sporcle Events
Private Events
Virtual Trivia
Globe League
Become a Host
Pub Owners
SporcleCon
Opinionation
Our Games
Videos
Blog
Mobile Apps
Partnerships
Remove Ads and Go Orange
Feedback
Sports
Athletes
MLB
NBA
NHL
NFL
Soccer
Sports Teams
WWE
NCAA
Football
Premier League
Basketball
Baseball
Hockey
Golf
Tennis
Cricket
Rugby
Auto Racing
Olympics
World Cup
Sports
Athletes
MLB
NBA
NHL
NFL
Soccer
Sports Teams
WWE
NCAA
Football
Premier League
Basketball
Baseball
Hockey
Golf
Tennis
Cricket
Rugby
Auto Racing
Olympics
World Cup
Random Quiz
Search Sporcle
×
Quiz Lab
Quiz Lab
Sports
Soccer
Type in answers that appear in a list
Type in answers that appear in a list
Classic
Best Score? Go Orange.
Best paid soccer coaches in 2013/2014 Stats
Can you name the 30 best paid soccer coaches in 2013/2014?
By
benderboy
10m
30 Questions
480 Plays
480 Plays
480 Plays
Comments
Comments
Give Quiz Kudos
Give Quiz Kudos
-
- Ratings
hide this ad
Replay
Link that replays current quiz
Next Quiz
Link to next quiz in quiz playlist
You Got
0%
They Got
Avg Score
45%
Avg Friend Score
Upgrade to see
Score Distribution
Jump to the score distribution portion of the page
Score
0/30
Timer
10:00
0
Plays Today
Salary
Name
% Correct
10,030,000
José Mourinho
98.8%
17,000,000
Pep Guardiola
95.2%
7,500,000
Carlo Ancelotti
87.9%
8,260,000
Arsène Wenger
83.3%
5,900,000
David Moyes
76.9%
4,300,000
Jürgen Klopp
74.6%
4,165,000
Manuel Pellegrini
65.4%
3,000,000
Antonio Conte
60.4%
3,000,000
Laurent Blanc
57.3%
3,894,000
Brendan Rodgers
55.8%
7,800,000
Fabio Capello
55.4%
3,500,000
Rafael Benitez
55.2%
3,500,000
Roberto Mancini
51.5%
2,500,000
Diego Simeone
50.8%
2,800,000
Massimo Allegri
46.5%
Salary
Name
% Correct
5,400,000
Gerardo Martino
45.8%
2,500,000
Joachim Löw
44.6%
10,000,000
Marcelo Lippi
41%
3,540,000
Roy Hodgson
39.2%
3,000,000
Claudio Ranieri
31.7%
2,500,000
Harry Redknapp
27.3%
3,540,000
Sam Allardyce
20.6%
3,000,000
Cesare Prandelli
17.9%
3,300,000
Luciano Spaletti
16.7%
2,350,000
Vicente Del Bosque
14.8%
4,000,000
Jorge Jesus
13.8%
2,600,000
Ottmar Hitzfeld
13.3%
2,400,000
Walter Mazzarri
12.9%
2,560,000
Mircea Lucescu
9.4%
2,758,000
Felipao
2.9%
Quiz Playlist
Details
Report
Send in Message
Add To Playlist
Classic:
Type in answers that appear in a list
Quiz Source
Last Updated: Feb 16, 2017
Quiz Scoreboard
CHALLENGE
Sign Up to Join the Scoreboard
Show All
Scores
Hide
Comments
May contain spoilers
Recently Published
Billboard Blitz: Fleetwood Mac
by CooCooCachoo
Music
15s
Presidents Visiting Landmarks
by Hejman
History
7m
An Introduction to Baseball
by treessimontrees
Sports
5m
More to Explore
Quiz From the Vault
Featured Blog Post
Where Did the Easter Bunny Come From?
hide this ad
You Might Also Like...
Tags
Soccer Quiz
coach
FIFA
Salary
UEFA
UEFA Club
Today's Top Quizzes in Sports
Browse Sports
hide this ad
Today's Top Quizzes in Soccer
Browse Soccer
Top Contributed Quizzes in Sports
1
Les meilleurs buteurs des matchs entre le PSG et l’OM
2
2022 World Cup Stars
3
FIFA Club World Cup Champions
4
Les entraîneurs de l'OM et du PSG au 21e siècle
5
Name the Premier League winners with different clubs
6
5-to-1: UK Sports Teams
7
La finale Lions - Afrique du Sud 2021
8
Criteria MLB: Left Handed Sluggers
9
AFC Teams Reveal (Wrong Answers Minefield)
10
England Test cricketers to play under Nasser Hussain
Explore More
Trending Topics
Disney
Harry Potter
NBA
Crossword
Kpop
Marvel
Anime
Pokémon
Soccer
WWE
The Office
Country
Song
NFL
Puzzle
hide this ad
More By:
benderboy
Quiz
Plays
Rating
Category
Featured
Created
Coached 50+ Champions' League Games
81,896
4.55
Sports
Feb 15, 2013
Bundesliga winning teams, managers etc.
10,135
4.71
Sports
Jan 6, 2014
FC Bayern München 1-11 since 2000
3,973
4.75
Sports
Jan 23, 2013
Germany Opponents since 2000
1,398
4.63
Sports
Feb 18, 2013
Germany World Cup Finals' Squads
1,115
4.67
Sports
Jul 13, 2014
Go to Creator's Profile
Score Distribution
Quiz Creator Spotlight
benderboy
Follow
Send a Message
Quizzes Created
-
Created Quiz Play Count
-
More By This Creator
Popular Quizzes Today
1
Find the US States - No Outlines Minefield
2
Find the Countries of Europe - No Outlines Minefield
3
The Countries of the World
4
Find the US States
5
Popular People in 1961
6
US States
7
Risky Map Clicking: Biggest States A-Z
8
Movies - When Are They Set?
More Sports Quizzes
Arsenal's Number 3's
Quiz Lab
Trending Quizzes
Risky Map Clicking: Least Populous States A-Z
1-10 Letter G Words
1-10 Letter F Words
Risky Map Clicking: Next State Alphabetically
Risky Map Clicking: Biggest States A-Z
Recently Updated
Leaping Animals
pecheneg
Reality TV Shows (A-Z)
bhenderson79
Rickey Henderson's Hall of Fame Teammates
pecheneg
Champions League XIs: Arsenal
pecheneg
Quick Pick: Celebrities in WWE's Hall of Fame
aduchscher
A-Z Keypad Blitz II
pecheneg
Multiple Oscar Actors
pecheneg
Mystery Phrase Blitz: Oscar 'Best Actors'
pecheneg
F. Scott Fitzgerald Novels
LTH
Pick 3 Villains
ddd62291
Trending Topics
Marvel
Anime
Harry Potter
NBA
Disney
Kpop
Crossword
Song
WWE
Country
Puzzle
NFL
The Office
Soccer
Pokémon
Your Account Isn't Verified!
In order to create a playlist on Sporcle, you need to verify the email address you used during registration. Go to your
Sporcle Settings
to finish the process.
Report this User
Report this user for behavior that violates our
Community Guidelines
.
Details:
Send Report
Go to the Sporcle.com Mobile Site →
Comments